Prinsciples of Management Workbook Series The Tanzania Institute of Bankers (Record no. 4404)

MARC details
005 - DATE AND TIME OF LATEST TRANSACTION
control field 20250619103511.0
020 ## - INTERNATIONAL STANDARD BOOK NUMBER
International Standard Book Number 9987-694-30-3
082 ## - DEWEY DECIMAL CLASSIFICATION NUMBER
Classification number 658 GAM
100 ## - MAIN ENTRY--PERSONAL NAME
Author name GAMBA,Shem Koheleth
245 ## - TITLE STATEMENT
Title Prinsciples of Management Workbook Series The Tanzania Institute of Bankers
260 ## - PUBLICATION, DISTRIBUTION, ETC.
Place of publication, distribution, etc. Tanzania
Name of publisher, distributor, etc. The tanzanian institute of Bankers
Date of publication, distribution, etc. 2015
300 ## - PHYSICAL DESCRIPTION
Extent xviii,495p.;ill,picture
Dimensions 25cm
942 ## - ADDED ENTRY ELEMENTS (KOHA)
Source of classification or shelving scheme Dewey Decimal Classification
Koha item type Books
Holdings
Date last seen Total checkouts Full call number Barcode Cost, replacement price Price effective from Koha item type Lost status Source of classification or shelving scheme Damaged status Not for loan Withdrawn status Home library Current library Shelving location Date acquired Source of acquisition Cost, normal purchase price
06/19/2025   658 GAM MZA0001434 120000.00 10/07/2024 Books   Dewey Decimal Classification       CBE Mwanza CBE Mwanza Special Reserve Collection 10/07/2024 Library Budget 40000.00